Flags of Countries that Border Romania - Statistics

General Stats
  • This quiz has been taken 62 times
  • The average score is 5 of 5
Answer Stats
Picture Answer % Correct
Ukraine
100%
Hungary
98%
Bulgaria
96%
Moldova
96%
Serbia
94%
No matching quizzes found
Score Distribution
Percent of People with Each Score
Percentile by Number Answered
Your Score History
You have not taken this quiz